Biología 1: diversidad, unidad, cambios y continuidad de la vida /
Guardado en:
| Autor Principal: | |
|---|---|
| Formato: | Libro |
| Publicado: |
Buenos Aires :
Puerto de Palos,
2014
|
| Series: | Serie Activados
|
| Materias: | |
| Etiquetas: |
Agregar Etiqueta
Sin Etiquetas, Sea el primero en etiquetar este registro!
|
| LEADER | 00950nam a22002415a 4500 | ||
|---|---|---|---|
| 001 | CEM.cems015020 | ||
| 005 | 20190905020720.0 | ||
| 008 | 130507s2014##################000#0#####d | ||
| 003 | CEMS | ||
| 020 | |a 9789875476554 | ||
| 082 | 0 | 4 | |a 574 |
| 100 | 1 | |a Rodano, Diego | |
| 245 | 1 | 0 | |a Biología 1: diversidad, unidad, cambios y continuidad de la vida / |c Diego Rodano |
| 260 | |a Buenos Aires : |b Puerto de Palos, |c 2014 | ||
| 300 | |a 208 p. ; 28x20 cm. | ||
| 490 | 0 | |a Serie Activados | |
| 505 | 0 | |a Diversidad de seres vivos , unidad de funciones -- Las caractirísticas de los sistemas vivientes -- El origen de la vida en la tierra -- La unidad de la vida -- Historia de la Biodeiversidad -- Reproducción de los seres vivos -- Reproducción humana -- | |
| 653 | |a Biología | ||
| 653 | |a Seres vivos | ||
| 653 | |a Biodiversidad | ||
| 653 | |a Reproducción | ||
| 653 | |a Origen de la vida | ||
| 859 | |a CEMS |b BIB. CEMS - 11 de abril |h 574 |i R611 |p 27827.19 |t Ej.1 |v 1 |3 1 | ||
